[Event "Championnat de France des Jeunes - Minim"]
[Site "LA ROCHE SUR YON"]
[Date "????.??.??"]
[Round "1.5"]
[White "Boutant, Jade"]
[Black "Hourlier, Claire"]
[Result "0-1"]
[WhiteElo "1590"]
[BlackElo "1907"]
[PlyCount "96"]

1. d4 Nf6 2. Nf3 e6 3. Bf4 b6 4. Nbd2 Bb7 5. e3 Be7 6. c3 O-O 7. Bd3 Nd5 8. Bg3
f5 9. Qc2 Nf6 10. O-O-O c5 11. Rde1 Nc6 12. h3 Rc8 13. a3 a6 14. Nc4 d6 15.
dxc5 bxc5 16. Ng5 Qd7 17. Nb6 Qc7 18. Nxc8 Qxc8 19. Nf3 Na5 20. Qa4 Qc7 21. Ng5
Bc8 22. Bxa6 Bxa6 23. Nxe6 Qb6 24. Nxf8 Kxf8 25. Rd1 Ne4 26. Qc2 Bc4 27. Kb1
Bb3 28. Qd3 Bxd1 29. Rxd1 Qb3 30. Qc2 Nxc3+ 31. Kc1 Qxc2+ 32. Kxc2 Nxd1 33.
Kxd1 Nb3 34. Kc2 c4 35. f3 d5 36. Be5 Bc5 37. e4 fxe4 38. fxe4 d4 39. Kd1 g6
40. Bf4 Ke7 41. g4 Bd6 42. Bh6 Ke6 43. Bg7 Be5 44. Bf8 Bf6 45. a4 Ke5 46. Bb4
Bd8 47. h4 Kxe4 48. g5 d3 0-1

[Event "Championnat de France des Jeunes - Benjamins"]
[Site "LA ROCHE SUR YON"]
[Date ""]
[Round "1.1"]
[White "Lagarde, Maxime"]
[Black "Lehaut, Mathieu"]
[Result "1-0"]
[WhiteElo "2308"]
[BlackElo "1785"]
[Annotator ""]

1. e4 e5 2. Nf3 Nc6 3. d4 exd4 4. Nxd4 Nf6 5. Nxc6 bxc6 6. e5 Nd5 7.
c4 Nb6 8. Bd3 Be7 9. O-O O-O 10. Nd2 d6 11. Qc2 g6 12. Nf3 Nd7 13. Bh6
Re8 14. Rad1 Nc5 15. Nd4 Bd7 16. Be2 Qc8 17. exd6 cxd6 18. Bf3 Rb8 19.
b4 Ne6 20. Nxe6 Bxe6 21. Qc3 f6 22. Bf4 Rd8 23. c5 d5 24. Bxb8 Qxb8
25. Rfe1 Kf7 26. Qe3 Qc8 27. Rd2 Re8 28. Rde2 Bf8 29. a4 Bg7 30. b5 f5
31. b6 axb6 32. cxb6 d4 33. Qd3 c5 34. Rxe6 Rxe6 35. Bd5 Qb8 36. Rxe6
Kf8 37. Qb5 Be5 38. a5 1-0

[Event "Championnat de France des Jeunes - Benja"]
[Site "LA ROCHE SUR YON"]
[Date "2008.04.21"]
[Round "1.2"]
[White "Barberis, Valentin"]
[Black "Moussard, Jules"]
[Result "0-1"]
[WhiteElo "1783"]
[BlackElo "2283"]
[PlyCount "42"]

1. e4 c5 2. Nf3 d6 3. d4 cxd4 4. Nxd4 Nf6 5. Nc3 a6 6. a4 e6 7. Be3 Be7 8. Be2
O-O 9. O-O Qc7 10. a5 Nbd7 11. Nb3 b5 12. axb6 Nxb6 13. f3 Nc4 14. Bxc4 Qxc4
15. Qd4 Qxd4 16. Bxd4 e5 17. Bf2 Be6 18. Na5 Rfc8 19. Rfd1 Rab8 20. Rab1 Nd7
21. Rd2 Rxc3 0-1

[Event "Championnat de France des Jeunes - Benja"]
[Site "LA ROCHE SUR YON"]
[Date "2008.04.21"]
[Round "1.4"]
[White "Luciani, Thibault"]
[Black "Adeimi, Michel"]
[Result "0-1"]
[WhiteElo "1779"]
[BlackElo "2110"]
[PlyCount "72"]

1. e4 e5 2. Nf3 Nc6 3. Bc4 Bc5 4. c3 Nf6 5. d4 exd4 6. cxd4 Bb4+ 7. Nc3 Nxe4 8.
O-O Bxc3 9. d5 Bf6 10. Re1 O-O 11. Rxe4 Ne7 12. d6 Ng6 13. Qd5 cxd6 14. Ng5 Ne5
15. Rxe5 dxe5 16. Nxf7 Rxf7 17. Qxf7+ Kh8 18. Be3 d6 19. Rd1 Bg4 20. f3 Bf5 21.
Bc5 Qd7 22. Qxd7 Bxd7 23. Bxd6 Bc6 24. Re1 e4 25. fxe4 Bxb2 26. e5 Rd8 27. Re2
Bd4+ 28. Kh1 Bxe5 29. Rxe5 Rxd6 30. Kg1 g6 31. Kf2 Kg7 32. g3 Kf6 33. Re2 b5
34. Bb3 a5 35. Bc2 b4 36. h4 Bb5 0-1

[Event "Championnat de France des Jeunes - Benja"]
[Site "LA ROCHE SUR YON"]
[Date "2008.04.21"]
[Round "1.5"]
[White "Lemeille, Francois"]
[Black "Brest, Jean-Francois"]
[Result "1-0"]
[WhiteElo "2090"]
[BlackElo "1778"]
[PlyCount "81"]

1. e4 c5 2. Nf3 Nc6 3. Bb5 g6 4. O-O Bg7 5. c3 a6 6. Bxc6 bxc6 7. d4 cxd4 8.
cxd4 d5 9. Nc3 Nf6 10. e5 Ng8 11. Be3 Nh6 12. Qd2 Nf5 13. Bf4 h5 14. Rac1 O-O
15. Na4 a5 16. b3 Ba6 17. Rfe1 Bb5 18. Nc5 a4 19. bxa4 Bxa4 20. Nxa4 Rxa4 21.
Rxc6 Qa8 22. Rc2 Qa7 23. Be3 Ra8 24. Re2 f6 25. h3 fxe5 26. dxe5 d4 27. Bg5 Rd8
28. Rc6 Rxa2 29. Qxa2+ Qxa2 30. Rxa2 d3 31. g4 hxg4 32. hxg4 Nd4 33. Nxd4 Rxd4
1-0

[Event "Championnat de France des Jeunes - Benjamines"]
[Site "LA ROCHE SUR YON"]
[Date ""]
[Round "1.1"]
[White "Costa, Elodie"]
[Black "Aflalo, Sophie"]
[Result "0-1"]
[WhiteElo "1480"]
[BlackElo "1959"]
[Annotator ""]

1. e4 c5 2. Nf3 Nc6 3. c3 d5 4. exd5 Qxd5 5. d4 Bg4 6. Be2 e6 7. Be3
cxd4 8. Bxd4 Nxd4 9. cxd4 Qa5+ 10. Nc3 Bb4 11. Qd2 Nf6 12. Rc1 O-O 13.
a3 Be7 14. O-O Rfd8 15. Rfd1 a6 16. h3 Bxf3 17. Bxf3 Rab8 18. Qe3 Ne8
19. Qd3 Bf6 20. Qe4 Nd6 21. Qg4 Bg5 22. b4 Qf5 23. Rb1 Qxg4 24. Bxg4
Rbc8 25. Ne2 Nc4 26. a4 b6 27. d5 f5 28. Bf3 Nd2 29. Ra1 Nxf3+ 30.
gxf3 exd5 31. Nd4 Bf6 32. Rab1 g6 33. Ne6 Rd6 34. Nf4 d4 35. Rb2 Rc3
36. Nd3 Ra3 37. a5 bxa5 38. bxa5 Rxa5 39. Rdb1 Rd7 40. Rb6 Kg7 41. Kg2
Bd8 42. R6b2 Be7 43. Rd1 Bd6 44. Rbd2 Ra3 45. Ne1 Bb4 46. Re2 Bxe1 47.
Rexe1 a5 48. Re6 Ra2 49. Kg3 Kf7 50. Re5 Kf6 51. Re8 a4 0-1

[Event "Championnat de France des Jeunes - Benja"]
[Site "LA ROCHE SUR YON"]
[Date "2008.04.21"]
[Round "1.2"]
[White "Neuhauser, Salome"]
[Black "Etienne, Alice"]
[Result "1-0"]
[WhiteElo "1945"]
[BlackElo "1480"]
[PlyCount "45"]

1. e4 e6 2. d3 d5 3. Nd2 Nf6 4. Ngf3 c5 5. g3 Nbd7 6. Bg2 b6 7. O-O Bd6 8. Re1
e5 9. exd5 Nxd5 10. Nc4 Bc7 11. Nfxe5 Nxe5 12. Nxe5 O-O 13. c4 Bb7 14. cxd5
Bxd5 15. Nc6 Qd6 16. Bxd5 Qxd5 17. Ne7+ Kh8 18. Nxd5 Bd6 19. Bd2 b5 20. Qh5 h6
21. Bxh6 gxh6 22. Qxh6+ Kg8 23. Nf6# 1-0

[Event "Championnat de France des Jeunes - Benja"]
[Site "LA ROCHE SUR YON"]
[Date "2008.04.21"]
[Round "1.3"]
[White "Roger, Juliette"]
[Black "Eid, Maha"]
[Result "0-1"]
[WhiteElo "1460"]
[BlackElo "1942"]
[PlyCount "48"]

1. e4 c5 2. Nf3 e6 3. Nc3 a6 4. d4 cxd4 5. Nxd4 b5 6. Bd3 Qc7 7. Be3 Bb7 8. O-O
b4 9. Nce2 Nf6 10. Ng3 h5 11. f3 Bd6 12. f4 h4 13. Nge2 Nxe4 14. Nf3 Nf6 15.
Qe1 Be7 16. Bd4 Nc6 17. Bf2 h3 18. gxh3 Na5 19. Kg2 Bxf3+ 20. Kxf3 Qb7+ 21. Kg3
Nh5+ 22. Kg4 Qg2+ 23. Bg3 Nf6+ 24. Kg5 Rh5# 0-1

[Event "Championnat de France des Jeunes - Benja"]
[Site "LA ROCHE SUR YON"]
[Date "2008.04.21"]
[Round "1.4"]
[White "Haussernot, Cecile"]
[Black "Belafkih, Kimia"]
[Result "1-0"]
[WhiteElo "1864"]
[BlackElo "1430"]
[PlyCount "45"]

1. e4 e5 2. Nf3 Nc6 3. Bb5 d6 4. c3 a6 5. Bxc6+ bxc6 6. d4 exd4 7. cxd4 d5 8.
exd5 cxd5 9. O-O Nf6 10. Ne5 Be7 11. Re1 Be6 12. Qa4+ Bd7 13. Nc6 Bxc6 14.
Qxc6+ Kf8 15. b3 g6 16. Rxe7 Kg7 17. Bh6+ Kxh6 18. Qxf6 Re8 19. Qf4+ g5 20.
Qf6+ Kh5 21. Qxf7+ Kg4 22. f3+ Kh4 23. Qxh7# 1-0

[Event "Championnat de France des Jeunes - Benja"]
[Site "LA ROCHE SUR YON"]
[Date "2008.04.21"]
[Round "1.5"]
[White "Guerin, Laurie-Jade"]
[Black "Afraoui, Solenn"]
[Result "0-1"]
[WhiteElo "1430"]
[BlackElo "1830"]
[PlyCount "114"]

1. e4 c5 2. Nf3 d6 3. Nc3 Nf6 4. h3 a6 5. d4 cxd4 6. Nxd4 e6 7. Bc4 Be7 8. O-O
O-O 9. Re1 Qc7 10. Bb3 Nc6 11. Be3 b5 12. a3 Re8 13. Qd2 Bb7 14. Rad1 Ne5 15.
Bf4 Nc4 16. Bxc4 Qxc4 17. e5 dxe5 18. Bxe5 Rac8 19. Qd3 b4 20. Qxc4 Rxc4 21.
axb4 Bxb4 22. Bxf6 gxf6 23. Re3 Rec8 24. Nde2 R4c5 25. Ne4 Bxe4 26. Rxe4 Rxc2
27. Rxb4 Rxe2 28. h4 f5 29. b3 Rcc2 30. Rd8+ Kg7 31. h5 Rxf2 32. h6+ Kf6 33.
Rg8 Rfd2 34. Rg7 Re2 35. Rb7 Rb2 36. Rgxf7+ Kg6 37. Rxh7 Rxg2+ 38. Kf1 Rh2 39.
Rhg7+ Kxh6 40. Rh7+ Kg6 41. Rxh2 Rxh2 42. Rb6 Kf6 43. Rxa6 f4 44. b4 Rb2 45.
Rb6 Kf5 46. Rb8 Ke4 47. Re8 e5 48. Rf8 Kf3 49. Ke1 Ke3 50. Kf1 f3 51. Kg1 Rb1+
52. Kh2 f2 53. Kg2 Rg1+ 54. Kh2 f1=Q 55. Rxf1 Rxf1 56. Kg2 Ke2 57. b5 Rf8 0-1

[Event "Championnat de France des Jeunes - Pupilles"]
[Site "LA ROCHE SUR YON"]
[Date ""]
[Round "1.1"]
[White "Giroyan, Gary"]
[Black "Malka, Samuel"]
[Result "1-0"]
[WhiteElo "2047"]
[BlackElo "1598"]
[Annotator ""]

1. e4 c5 2. Nf3 d6 3. d4 cxd4 4. Nxd4 Nf6 5. Nc3 a6 6. Be3 e5 7. Nb3
Be6 8. f3 Nbd7 9. g4 h6 10. Qd2 b5 11. O-O-O Be7 12. h4 Nb6 13. Qf2
Nfd7 14. Bd3 Rc8 15. Qe1 Nc4 16. Bxc4 Rxc4 17. Kb1 O-O 18. Ne2 Qc7 19.
Qd2 b4 20. Ng3 Rc8 21. Rc1 Kh7 22. g5 g6 23. h5 Bf8 24. Rh4 f6 25.
hxg6+ Kxg6 26. gxh6 Kh7 27. Nh5 d5 28. Qg2 d4 29. Bg1 d3 30. Rh2 Rxc2
31. Rxc2 Qxc2+ 32. Qxc2 Rxc2 33. Rxc2 dxc2+ 34. Kxc2 Kxh6 35. Ng3 Kg5
36. Be3+ Kh4 37. Nf1 Kh3 38. Nfd2 Kg2 39. Kd3 Kg3 40. Bg1 Kg2 41. Be3
Kg3 42. Ke2 Kg2 43. Bf2 Bf7 44. Bh4 Kh3 45. Be1 Kg2 46. Na5 Nc5 47.
Bh4 Nd7 48. Nac4 Kh3 49. Bf2 Kg2 50. Ne3+ Kh3 51. Ndc4 Bg8 52. b3 Bf7
53. Be1 Bh5 54. Bxb4 Kg3 55. Be1+ Kh2 56. Bf2 Kh3 57. Bg1 Kg3 58. Bf2+
Kh3 59. Be1 Kh2 60. b4 Kh3 61. Kf2 Kh2 62. Nd5 Kh3 63. a3 Kh4 64. Bd2
Bg6 65. Be3 Bh7 66. Bc5 f5 67. Ke3 fxe4 68. fxe4 Bg8 69. Be7+ Kg3 70.
Nf6 Be6 71. Nxd7 Bxd7 72. Bd6 Kg4 73. Bxe5 Kg5 74. Kd4 Kg6 75. Kd5 Kf7
76. Bh8 Bb5 77. e5 Bd6 78. Kxd6 Bxc4 79. Bf6 Bb3 80. Kc5 Ba4 81. Kb6
Bb5 82. a4 Bxa4 83. Kxa6 Bc6 84. b5 1-0

[Event "Championnat de France des Jeunes - Pupil"]
[Site "LA ROCHE SUR YON"]
[Date "2008.04.21"]
[Round "1.2"]
[White "Baroudel, Hadrien"]
[Black "Lamard, Guillaume"]
[Result "0-1"]
[WhiteElo "1580"]
[BlackElo "2024"]
[PlyCount "58"]

1. e4 c5 2. Nc3 e6 3. g3 Nc6 4. Bg2 g6 5. d3 Bg7 6. Be3 d6 7. Qd2 Rb8 8. Nge2
b5 9. a3 b4 10. axb4 Rxb4 11. b3 Qc7 12. O-O Nge7 13. Bh6 O-O 14. h4 f5 15. h5
fxe4 16. Bxg7 Kxg7 17. Nf4 exd3 18. hxg6 hxg6 19. Qxd3 Ne5 20. Qe3 Nf5 21. Qe1
Nd4 22. Qd1 a5 23. Ne4 Nf5 24. Re1 d5 25. Nxc5 Qxc5 26. Rxe5 Nxg3 27. Qg4 Rbxf4
28. Qxg3 Rxf2 29. Kh1 Qxc2 0-1

[Event "Championnat de France des Jeunes - Pupil"]
[Site "LA ROCHE SUR YON"]
[Date "2008.04.21"]
[Round "1.3"]
[White "Grandadam, Patrick"]
[Black "Burmonas, Romain"]
[Result "0-1"]
[WhiteElo "1965"]
[BlackElo "1580"]
[PlyCount "102"]

1. Nf3 Nf6 2. c4 g6 3. Nc3 Bg7 4. e4 d6 5. d4 Nbd7 6. e5 dxe5 7. dxe5 Ng4 8. e6
fxe6 9. Ng5 Nde5 10. Qxd8+ Kxd8 11. h3 h6 12. hxg4 hxg5 13. Rxh8+ Bxh8 14. Bxg5
Nxg4 15. O-O-O+ Bd7 16. Ne4 b6 17. c5 Ke8 18. Be2 Nf6 19. Bd3 Kf7 20. Bf4 Nd5
21. Bg3 Bf6 22. f4 Bc6 23. Rh1 Nb4 24. Rh7+ Kf8 25. Bb1 Bxe4 26. Bxe4 Rd8 27.
Bh4 Nxa2+ 28. Kc2 Nb4+ 29. Kc1 Nd3+ 30. Bxd3 Rxd3 31. Bxf6 exf6 32. Rxc7 bxc5
33. Rxc5 Ke7 34. Ra5 Rd7 35. Ra6 g5 36. fxg5 fxg5 37. b4 Kf6 38. b5 Kf5 39. b6
axb6 40. Rxb6 e5 41. Rb3 e4 42. g3 Kg4 43. Re3 Rd4 44. Kc2 Kh3 45. Kb2 g4 46.
Kc2 Kg2 47. Re1 Kf2 48. Rh1 e3 49. Kc3 Rd6 50. Rh2+ Kxg3 51. Re2 Kf3 0-1

[Event "Championnat de France des Jeunes - Pupil"]
[Site "LA ROCHE SUR YON"]
[Date "2008.04.21"]
[Round "1.4"]
[White "Caille, Vincent"]
[Black "Valente, Alexandre"]
[Result "0-1"]
[WhiteElo "1580"]
[BlackElo "1910"]
[PlyCount "64"]

1. e4 c5 2. Nf3 d6 3. d4 cxd4 4. Nxd4 Nf6 5. Nc3 a6 6. Bd3 e5 7. Nf3 Be6 8. Bg5
Be7 9. Qd2 O-O 10. O-O-O Nbd7 11. Kb1 Qc7 12. Be2 b5 13. Bxf6 Nxf6 14. Ng5 Bc4
15. Bxc4 bxc4 16. Kc1 Rfb8 17. b3 cxb3 18. axb3 Rc8 19. Na4 Rab8 20. Qd3 h6 21.
Nf3 Rb4 22. Nb2 Nxe4 23. Rhf1 Nc3 24. Rd2 e4 25. Qe3 exf3 26. gxf3 Bg5 27. f4
Bxf4 28. Qd3 Bxd2+ 29. Kxd2 Ne4+ 30. Ke1 Qxc2 31. Qxc2 Rxc2 32. Nd3 Rxb3 0-1

[Event "Championnat de France des Jeunes - Pupil"]
[Site "LA ROCHE SUR YON"]
[Date "2008.04.21"]
[Round "1.5"]
[White "Purenne, Benoit"]
[Black "Devaure, Guillaume"]
[Result "1-0"]
[WhiteElo "1877"]
[BlackElo "1580"]
[PlyCount "57"]

1. e4 e5 2. Nf3 Nc6 3. Bb5 a6 4. Bxc6 dxc6 5. O-O Nf6 6. Nxe5 Nxe4 7. Re1 Qd4
8. d3 Qxf2+ 9. Kh1 Bf5 10. dxe4 Be6 11. Be3 Qf6 12. Bd4 Qh6 13. Qd2 Qh5 14. Qf2
O-O-O 15. Nd2 f6 16. Nd3 Bd6 17. e5 fxe5 18. Bxe5 Bxe5 19. Rxe5 Qg6 20. Qa7 Bd5
21. Rxd5 Rxd5 22. Qa8+ Kd7 23. Qxh8 Rg5 24. Re1 Rxg2 25. Ne5+ Kd6 26. Qd8+ Kc5
27. Nb3+ Kb6 28. Qd4+ Kb5 29. a4# 1-0

[Event "Championnat de France des Jeunes - Pupillettes"]
[Site "LA ROCHE SUR YON"]
[Date ""]
[Round "1.1"]
[White "Granger, Alexia"]
[Black "Navrotescu, Andreea-Cristiana"]
[Result "0-1"]
[WhiteElo "1370"]
[BlackElo "1723"]
[Annotator ""]

1. e4 c5 2. d4 cxd4 3. Nf3 d6 4. Nxd4 Nf6 5. Nc3 a6 6. Bg5 e6 7. a3
Be7 8. Bc4 Nxe4 9. Bxe7 Nxc3 10. Bxd8 Nxd1 11. Rxd1 Kxd8 12. O-O b5
13. Be2 Bb7 14. b4 Nd7 15. Bf3 Bxf3 16. Nxf3 d5 17. Ng5 Ke7 18. Rfe1
Nb6 19. Nf3 Rac8 20. Nd4 Rc3 21. Rd3 Rhc8 22. Rxc3 Rxc3 23. Nf5+ Kf6
24. Ne3 h5 25. Ra1 d4 26. Nd1 Rxc2 27. h3 Nd5 28. Rb1 Nc3 29. Nb2 Nxb1
30. Nd3 Rd2 31. Nc5 Rd1+ 32. Kh2 d3 33. Kg3 d2 34. Ne4+ Ke5 35. f3 Rc1
36. Nxd2 Nxd2 37. f4+ Kf5 38. h4 Ne4+ 39. Kh2 Kxf4 40. g3+ Kf3 41. a4
Nxg3 42. Kh3 Rh1# 0-1

[Event "Championnat de France des Jeunes - Pupil"]
[Site "LA ROCHE SUR YON"]
[Date "2008.04.21"]
[Round "1.2"]
[White "Rigolot, Lucie"]
[Black "Hild, Aurelia"]
[Result "1-0"]
[WhiteElo "1723"]
[BlackElo "1370"]
[PlyCount "87"]

1. e4 e5 2. Nf3 Nc6 3. Bb5 d6 4. c3 Bd7 5. d3 Nf6 6. Nbd2 d5 7. Bxc6 Bxc6 8.
Nxe5 Qd6 9. Nxc6 Qxc6 10. e5 Nd7 11. Nf3 Qe6 12. O-O Be7 13. Bf4 O-O 14. Qe2 c5
15. b3 Bd6 16. Rfe1 Rae8 17. Qd2 Bc7 18. d4 cxd4 19. Nxd4 Qg6 20. Nf3 Qf5 21.
Qd4 Bb6 22. Qxd5 Qxf4 23. Qxd7 Rc8 24. Qd3 Ba5 25. b4 Bb6 26. Re4 Rxc3 27. Qxc3
Qxe4 28. Re1 Qf5 29. Rc1 h6 30. a4 Bd8 31. a5 Bg5 32. Nxg5 Qxg5 33. g3 f6 34.
f4 Qf5 35. Qc4+ Kh8 36. e6 Re8 37. Re1 g5 38. e7 h5 39. Qf7 Qd7 40. Qxf6+ Kh7
41. fxg5 Kg8 42. g6 h4 43. Qf7+ Kh8 44. Qh7# 1-0

[Event "Championnat de France des Jeunes - Pupil"]
[Site "LA ROCHE SUR YON"]
[Date "2008.04.21"]
[Round "1.3"]
[White "Menetrier, Aude"]
[Black "Bellaiche, Elise"]
[Result "0-1"]
[WhiteElo "1360"]
[BlackElo "1714"]
[PlyCount "130"]

1. e4 e6 2. Nf3 d5 3. e5 c5 4. d4 Nc6 5. Bb5 a6 6. Bxc6+ bxc6 7. O-O cxd4 8.
Nxd4 c5 9. Nf3 Ne7 10. Bg5 h6 11. Bf4 Ng6 12. Be3 Qc7 13. Re1 Be7 14. Nc3 d4
15. Bd2 dxc3 16. Bxc3 O-O 17. Qe2 Bb7 18. Rad1 Bd5 19. a3 Qb7 20. Rd3 Nf4 21.
Qe3 Nxd3 22. Qxd3 Rfd8 23. Ba5 Rd7 24. Nd2 Bxg2 25. Qg3 Bd5 26. Qg4 Bg5 27. h4
Be7 28. Re3 Qxb2 29. Rg3 Bf8 30. Nf1 Qxe5 31. h5 Qe4 32. f3 Qxg4 33. Rxg4 Bxf3
34. Rg3 Bxh5 35. Bc3 Bg6 36. Ne3 Rb8 37. Kf2 Be7 38. Ke2 Bf6 39. Bxf6 gxf6 40.
Ng4 Bh5 41. Ke3 Bxg4 42. Rxg4+ Kh7 43. Rg3 Rb2 44. Kf4 Rxc2 45. a4 Rd4+ 46. Kf3
Rc3+ 47. Kg2 Rxg3+ 48. Kxg3 Rxa4 49. Kf3 Kg6 50. Kg3 Kf5 51. Kh3 Kg5 52. Kg3
Ra3+ 53. Kf2 Kf4 54. Ke2 Ke4 55. Kd2 Kd4 56. Ke2 h5 57. Kf2 Ke4 58. Kg2 Kf4 59.
Kh2 Kg4 60. Kg2 Ra2+ 61. Kf1 Kf3 62. Ke1 h4 63. Kd1 h3 64. Ke1 h2 65. Kf1 h1=Q#
0-1

[Event "Championnat de France des Jeunes - Pupil"]
[Site "LA ROCHE SUR YON"]
[Date "2008.04.21"]
[Round "1.4"]
[White "Bekhouche, Marion"]
[Black "Rouzes, Sibylle-Anne"]
[Result "0-1"]
[WhiteElo "1697"]
[BlackElo "1340"]
[PlyCount "92"]

1. d4 c6 2. c4 d5 3. Nc3 Nf6 4. Nf3 Bf5 5. cxd5 Nxd5 6. Nxd5 cxd5 7. Qb3 Nd7 8.
Qxd5 e6 9. Qb3 Bd6 10. e3 O-O 11. Be2 Nb6 12. O-O Qf6 13. Bd3 Bg4 14. Be4 Rab8
15. Qd3 Qh6 16. h3 Bh5 17. b3 f5 18. Bxf5 exf5 19. Qd1 Nd5 20. e4 Nf4 21. e5
Bb4 22. Kh2 Bg4 23. Bxf4 Qxf4+ 24. Kh1 Bh5 25. Rc1 Qh6 26. Qd3 g5 27. Qc4+ Bf7
28. Qxb4 g4 29. Ng1 Bd5 30. f3 gxh3 31. Nxh3 Bxf3 32. Qc4+ Kh8 33. Rxf3 Qd2 34.
Rc2 Qd1+ 35. Kh2 Rg8 36. Qd3 Qe1 37. Qe2 Qb4 38. Qc4 Qe7 39. e6 Qg7 40. Re2 h6
41. e7 Rbe8 42. Rfe3 Qg4 43. Qc3 f4 44. Rf3 Qg7 45. Qd3 Rxe7 46. Rxe7 Qxg2# 0-1

[Event "Championnat de France des Jeunes - Pupil"]
[Site "LA ROCHE SUR YON"]
[Date "2008.04.21"]
[Round "1.5"]
[White "Saidi, Ines"]
[Black "Fischer, Julie"]
[Result "0-1"]
[WhiteElo "1340"]
[BlackElo "1671"]
[PlyCount "74"]

1. e4 d5 2. exd5 Qxd5 3. Nc3 Qd6 4. Nf3 Nf6 5. d4 a6 6. g3 Bg4 7. Be2 e6 8. Bf4
Qb6 9. h3 Bf5 10. Qd2 Bb4 11. Qe3 Nd5 12. Qd2 Qa5 13. a3 Nxc3 14. O-O Nxe2+ 15.
Qxe2 Be7 16. b4 Qb6 17. c4 Bxh3 18. Rfd1 O-O 19. c5 Qb5 20. Qe5 c6 21. Qh5 Bf5
22. Re1 Nd7 23. g4 Bg6 24. Qh3 Nf6 25. Bg5 h6 26. Bxf6 Bxf6 27. Kg2 Rad8 28.
Re3 Bxd4 29. Nxd4 Rxd4 30. f3 Rfd8 31. Kg3 R8d5 32. Rh1 Rd3 33. Re2 Rxa3 34.
Kg2 Qxe2+ 35. Kg3 Rxf3+ 36. Kh4 Qf2+ 37. Qg3 Qxg3# 0-1

[Event "Championnat de France des Jeunes - Junio"]
[Site "LA ROCHE SUR YON"]
[Date "2008.04.22"]
[Round "2.1"]
[White "Tarchichi, Paul"]
[Black "Vernay, Clovis"]
[Result "0-1"]
[WhiteElo "2131"]
[BlackElo "2348"]
[PlyCount "60"]

1. e4 e6 2. d4 d5 3. Nd2 Nf6 4. Bd3 dxe4 5. Nxe4 Nxe4 6. Bxe4 Nd7 7. Nf3 c5 8.
Bg5 Be7 9. Bxe7 Qxe7 10. O-O O-O 11. Re1 Rd8 12. Qe2 cxd4 13. Nxd4 Nc5 14. Rad1
Bd7 15. c4 Nxe4 16. Qxe4 Be8 17. Rd3 Qb4 18. b3 b5 19. Rc1 Rac8 20. Rdc3 Qd6
21. Nf3 Bc6 22. Qe3 Bxf3 23. Qxf3 bxc4 24. bxc4 Rc5 25. g3 h6 26. Rb1 Qd2 27.
Rb7 Rf5 28. Qe3 Qd1+ 29. Kg2 Rd2 30. Rcb3 Qc2 0-1

[Event "Championnat de France des Jeunes - Junio"]
[Site "LA ROCHE SUR YON"]
[Date "2008.04.21"]
[Round "2.3"]
[White "Lamberti, Hugo"]
[Black "Bailet, Pierre"]
[Result "0-1"]
[WhiteElo "2106"]
[BlackElo "2250"]
[PlyCount "37"]

1. d4 Nf6 2. Bf4 g6 3. e3 Bg7 4. c3 d6 5. h3 O-O 6. Nd2 e5 7. dxe5 Nd5 8. Bh2
dxe5 9. Nc4 Nc6 10. Nf3 e4 11. Nd4 Nxd4 12. cxd4 Qg5 13. Qd2 Be6 14. O-O-O Rfd8
15. f4 Qe7 16. g4 c5 17. Qf2 cxd4 18. exd4 b5 19. Ne3 0-1

[Event "Championnat de France des Jeunes - Junio"]
[Site "LA ROCHE SUR YON"]
[Date "2008.04.21"]
[Round "2.4"]
[White "Soyez, Cyril"]
[Black "Carre, Sylvain"]
[Result "1-0"]
[WhiteElo "2244"]
[BlackElo "2073"]
[PlyCount "71"]

1. c4 e5 2. g3 Nf6 3. Bg2 d5 4. cxd5 Nxd5 5. Nc3 Nb6 6. Nf3 Nc6 7. O-O Be7 8.
d3 O-O 9. Be3 Be6 10. Na4 e4 11. Ne1 exd3 12. Nxd3 Bd5 13. f3 Nc4 14. Bf2 Bg5
15. Nf4 Bxf4 16. gxf4 Be6 17. b3 Nb6 18. Nc5 Qf6 19. Nxb7 Qxf4 20. Qc1 Nd4 21.
Re1 Qxc1 22. Raxc1 Nb5 23. f4 Rab8 24. Red1 Nd5 25. Bxd5 Bxd5 26. Rxd5 Rxb7 27.
Rd7 a6 28. a4 Nd6 29. Rcxc7 Rxc7 30. Rxc7 Re8 31. Rc6 Nf5 32. Rxa6 h5 33. Kf1
h4 34. Rc6 Rb8 35. Rc3 Rb4 36. e3 1-0

[Event "Championnat de France des Jeunes - Junio"]
[Site "LA ROCHE SUR YON"]
[Date "2008.04.21"]
[Round "2.5"]
[White "Ababou, Nessim"]
[Black "Brethes, Francois"]
[Result "0-1"]
[WhiteElo "2063"]
[BlackElo "2198"]
[PlyCount "67"]

1. e4 e6 2. d4 d5 3. Nc3 Nf6 4. Bg5 dxe4 5. Nxe4 Be7 6. Nxf6+ Bxf6 7. Bxf6 Qxf6
8. Bd3 Nd7 9. c3 O-O 10. Qh5 g6 11. Qf3 Qg7 12. O-O-O c5 13. Bb5 cxd4 14. Rxd4
Ne5 15. Qd1 a6 16. Be2 b5 17. f4 Nc6 18. Bf3 Bb7 19. Rd7 Rab8 20. Rxb7 Rxb7 21.
Bxc6 Rc7 22. Be4 b4 23. Ne2 bxc3 24. Nxc3 Rxc3+ 25. bxc3 Qxc3+ 26. Bc2 Rb8 27.
Qd6 Rb5 28. a4 Qb2+ 29. Kd2 Rd5+ 30. Qxd5 exd5 31. g3 d4 32. Rd1 a5 33. h3 Kg7
34. g4 0-1

[Event "Championnat de France des Jeunes - Junio"]
[Site "LA ROCHE SUR YON"]
[Date "2008.04.22"]
[Round "2.1"]
[White "Belloc, Sidonie"]
[Black "Magnin, Segolene"]
[Result "1/2-1/2"]
[WhiteElo "1789"]
[BlackElo "1799"]
[PlyCount "36"]

1. e4 e6 2. d4 d5 3. e5 c5 4. c3 Nc6 5. Nf3 Qb6 6. Be2 cxd4 7. cxd4 Nge7 8. Na3
Nf5 9. Nc2 Bb4+ 10. Kf1 h5 11. a3 Be7 12. b4 a6 13. Bb2 g6 14. Qd2 Bd7 15. Ne3
Nxe3+ 16. Qxe3 Rc8 17. g3 Na7 18. Qd2 Bb5 1/2-1/2

[Event "Championnat de France des Jeunes - Junio"]
[Site "LA ROCHE SUR YON"]
[Date "2008.04.21"]
[Round "2.1"]
[White "Dolz, Elisabeth"]
[Black "Cwiek, Perrine"]
[Result "1-0"]
[WhiteElo "1710"]
[BlackElo "1730"]
[PlyCount "67"]

1. e4 e5 2. Nf3 Nc6 3. Bb5 a6 4. Ba4 Nf6 5. O-O b5 6. Bb3 Be7 7. Re1 O-O 8. c3
d6 9. d4 Bg4 10. d5 Na5 11. Bc2 Nb7 12. b3 Nc5 13. Nbd2 Qd7 14. c4 Rab8 15. a4
bxa4 16. bxa4 a5 17. Ba3 Rb7 18. Rb1 Rfb8 19. Rxb7 Rxb7 20. Bxc5 dxc5 21. Qa1
Rb4 22. Nxe5 Qd6 23. Nc6 Rb6 24. e5 Qd7 25. Nxe7+ Qxe7 26. exf6 Qd7 27. fxg7
Rb8 28. Ne4 Rb6 29. Nf6+ Rxf6 30. Qxf6 Bh5 31. Re7 Qd8 32. Rxf7 Qxf6 33. Rxf6
Kxg7 34. Rc6 1-0

[Event "Championnat de France des Jeunes - Junio"]
[Site "LA ROCHE SUR YON"]
[Date "2008.04.21"]
[Round "2.1"]
[White "Bismuth, Lea"]
[Black "Huisman, Camille"]
[Result "1-0"]
[WhiteElo "1930"]
[BlackElo "1613"]
[PlyCount "77"]

1. e4 e5 2. Nc3 Nf6 3. f4 Nc6 4. fxe5 Nxe5 5. d4 Nc6 6. e5 Ng8 7. Nf3 Bb4 8. a3
Bxc3+ 9. bxc3 d6 10. Bb5 Nge7 11. O-O O-O 12. Ng5 h6 13. exd6 Qxd6 14. Ne4 Qg6
15. Bd3 Qg4 16. Rf3 Nd5 17. Bxh6 f5 18. Qf1 f4 19. Bg5 Nxc3 20. Bc4+ Be6 21.
Nxc3 Nxd4 22. Bxe6+ Nxe6 23. Qe1 Rf7 24. h3 Qxg5 25. Qxe6 Raf8 26. Raf1 Kh8 27.
Ne4 Qb5 28. h4 Qh5 29. Ng5 Rf6 30. Qc4 Rc6 31. Qe4 Rcf6 32. Rxf4 Rxf4 33. Rxf4
Rf6 34. Qxb7 Qe8 35. Rxf6 gxf6 36. Qe4 Qg8 37. Ne6 Qf7 38. a4 f5 39. Qe5+ 1-0

[Event "Championnat de France des Jeunes - Cadet"]
[Site "LA ROCHE SUR YON"]
[Date "2008.04.22"]
[Round "2.1"]
[White "Delay, Guillaume"]
[Black "Guilleux, Fabien"]
[Result "0-1"]
[WhiteElo "1957"]
[BlackElo "2391"]
[PlyCount "34"]

1. e4 c5 2. Nc3 a6 3. g3 b5 4. Bg2 Bb7 5. d3 e6 6. Nh3 Nf6 7. O-O Nc6 8. f4 d5
9. Nf2 d4 10. Ne2 e5 11. Bd2 Be7 12. fxe5 Nxe5 13. Nf4 O-O 14. Nh5 Nxh5 15.
Qxh5 Bd6 16. Bh3 Qe7 17. Bg5 Qxg5 0-1

[Event "Championnat de France des Jeunes - Cadet"]
[Site "LA ROCHE SUR YON"]
[Date "2008.04.21"]
[Round "2.2"]
[White "Delorme, Axel"]
[Black "Casier, Remi"]
[Result "1-0"]
[WhiteElo "2377"]
[BlackElo "1938"]
[PlyCount "117"]

1. e4 c5 2. Nf3 d6 3. c3 Nf6 4. h3 Nbd7 5. Bd3 g6 6. Bc2 Bg7 7. O-O O-O 8. d4
cxd4 9. cxd4 e5 10. dxe5 Nxe5 11. Nc3 a6 12. Bg5 Be6 13. Nd4 Bc4 14. Re1 Rc8
15. Qd2 Qb6 16. Rab1 Be6 17. Nxe6 fxe6 18. Bb3 Nc4 19. Qd3 Nh5 20. Rf1 Qd4 21.
Qxd4 Bxd4 22. Rbd1 e5 23. Be3 Bxe3 24. fxe3 Rxf1+ 25. Kxf1 Kg7 26. Bxc4 Rxc4
27. Rxd6 Ng3+ 28. Kf2 Nxe4+ 29. Nxe4 Rxe4 30. Rd7+ Kh6 31. Rxb7 Rc4 32. Kf3 Rc2
33. g3 Kg5 34. a4 h5 35. b4 Rc4 36. h4+ Kf5 37. e4+ Kf6 38. Rb6+ Kg7 39. a5
Rc3+ 40. Ke2 Rc4 41. Kd3 Rd4+ 42. Kc3 Rxe4 43. Rxa6 Re3+ 44. Kd2 Rxg3 45. Rb6
g5 46. hxg5 h4 47. a6 h3 48. Rh6 h2 49. Rxh2 Rb3 50. Rh4 Kg6 51. Rh6+ Kxg5 52.
Rb6 Ra3 53. b5 e4 54. Rb7 Kf4 55. Rf7+ Ke5 56. a7 Kd6 57. b6 Kc6 58. Rf8 e3+
59. Ke2 1-0